| 000 | 01698cam a22004577a 4500 | ||
|---|---|---|---|
| 001 | 000094952 | ||
| 003 | CHAP | ||
| 005 | 20220817044050.0 | ||
| 008 | 051128d2005 mx abd r 00110 spa d | ||
| 010 | _a91418 | ||
| 011 | _a92390 | ||
| 035 | _a102954 | ||
| 040 | _cCHAP | ||
| 090 | _aTesis | ||
| 100 | 0 | 0 |
_aDíaz Franco, Rosalino. _933471 |
| 245 | 1 | 0 |
_aDeterminación de ecuaciones alométricas para estimar biomasa y carbono en el estrato aéreo en bosques de Pinus patula Schl. et Cham. en Tlaxcala, Méx. / _c/por Rosalino Díaz Franco. |
| 260 |
_aChapingo, Méx. : _bEl autor, _c2005. |
||
| 300 |
_a50 h. : _bilus. ; gráfs. ; mapa ; cuadros. |
||
| 502 | _aTesis (Ing. Forestal) -- UACH. División de Ciencias Forestales | ||
| 590 |
_aALEPH _b10 _c20130110 _lUCH01 _h1508 |
||
| 590 |
_aBATCH-UPD _b10 _c20130110 _lUCH01 _h0756 |
||
| 590 |
_aBATCH-UPD _b10 _c20130410 _lUCH01 _h0435 |
||
| 590 |
_aBATCH-UPD _b10 _c20130914 _lUCH01 _h0638 |
||
| 590 |
_aBATCH-UPD _b10 _c20140324 _lUCH01 _h1452 |
||
| 590 |
_aBATCH-UPD _b10 _c20141002 _lUCH01 _h0827 |
||
| 590 |
_aCONVERSION _b10 _c20130109 _lUCH01 _h1351 |
||
| 590 |
_aE792CSJ _b10 _c20130618 _lUCH01 _h1148 |
||
| 650 | 1 | 4 |
_aÁrboles _xCrecimiento. _96583 |
| 650 | 1 | 4 |
_aBiomasa. _912825 |
| 650 | 1 | 4 |
_aBosques _zTlaxcala. _914421 |
| 650 | 1 | 4 | _aCarbono. |
| 650 | 1 | 4 |
_aMedidas forestales. _973926 |
| 650 | 1 | 4 |
_aPinus patula. _988356 |
| 856 |
_3Finding aid _uhttp://10.13.5.2/tesis/102954.pdf _zTeclea aquí |
||
| 901 | _aBK | ||
| 905 | _aMarco A. Mendoza T. | ||
| 942 | _cCD | ||
| 942 | _n0 | ||
| 949 |
_aTesis _bBC _cTES _d1029541 _eTS1 _gDonaciØn _h44388 _i102954 _sb |
||
| 949 |
_aTesis _bBC _cTES _d33724000967311 _eTS2 _fc.2 _gDonaciØn _h44389 _i102954 _sb |
||
| 999 |
_c91418 _d91418 |
||